000 01030nam0a2200289 4500
001 RU\NLR\bibl\446550
005 20260405112456.0
010 _a5-9579-0002-8
_95000
021 _aRU
_b2003-53695
_92605
035 _a(NLR Aleph) 000440219
090 _a809426
_c809426
100 _a20030627d2003 |||y0rusy50 ca
101 0 _arus
102 _aRU
105 _aa |||||||||
200 1 _aArchiCAD 8
_e[Справ. с прим.]
_fС. Титов
205 _a[Рус. версия]
210 _aМ.
_cКудиц-образ
_d2003
215 _a475 с.
_cил.
_d24
606 0 _aARCHICAD 8.0, система автоматизированного проектирования
_jСправочники
_92308730
_3RU\NLR\auth\661381846
686 _aН22-5-05я22
700 1 _4070
_8rus
_7ca
_aТитов
_bС. А.
_cпрограммист
_gСергей Алексеевич
_3RU\NLR\auth\7743326
_926269
801 0 _aRU
_bNLR
_c20031014
_gPSBO
801 1 _aRU
_bNLR
_c20031014
942 _cBOOK
980 _aNB